Xu hướng đổi mới trong lịch sử Việt Nam
Tài liệu là tuyển tập những bài viết của Gs Đinh Xuân Lâm và Pgs Nguyễn Văn Hồng về xu hướng đổi mới, canh tân trong lịch sử Việt Nam.
Na minha lista:
| Autor principal: | |
|---|---|
| Formato: | Livro |
| Idioma: | Undetermined |
| Publicado em: |
Hà Nội
VHTT
1998
|
| Assuntos: | |
| Tags: |
Adicionar Tag
Sem tags, seja o primeiro a adicionar uma tag!
|
| Thư viện lưu trữ: | Trung tâm Học liệu Trường Đại học Cần Thơ |
|---|
| LEADER | 00813nam a2200205Ia 4500 | ||
|---|---|---|---|
| 001 | CTU_22821 | ||
| 008 | 210402s9999 xx 000 0 und d | ||
| 020 | |b 29.000đ | ||
| 082 | |a 959.7 | ||
| 082 | |b L120 | ||
| 100 | |a Đinh Xuân Lâm | ||
| 245 | 0 | |a Xu hướng đổi mới trong lịch sử Việt Nam | |
| 245 | 0 | |c Đinh Xuân Lâm, Nguyễn Văn Hồng | |
| 260 | |a Hà Nội | ||
| 260 | |b VHTT | ||
| 260 | |c 1998 | ||
| 520 | |a Tài liệu là tuyển tập những bài viết của Gs Đinh Xuân Lâm và Pgs Nguyễn Văn Hồng về xu hướng đổi mới, canh tân trong lịch sử Việt Nam. | ||
| 650 | |a vietnam - history | ||
| 904 | |i Nguyễn Quang Điền, 980623 | ||
| 980 | |a Trung tâm Học liệu Trường Đại học Cần Thơ | ||